Toutes les villes du Maroc de plus de 50.000 habitants sur une carte - Statistiques

Statistiques générales
  • Ce quiz a été pris 1 918 fois
  • Le résultat moyen est 22 sur 70
Réponses sur la Carte
Les réponses sont colorées sur une échelle allant du rouge au vert en fonction du pourcentage des utilisateurs qui les ont devinées à leur premier essai. Vous pouvez retrouver ces pourcentages ci-dessous.
 
Statistiques - réponses
pop villes % Correct
3,89 m Casablanca / الدار البيضاء / ⵜⴰⴷⴷⴰⵔⵜ ⵜⵓⵎⵍⵉⵍⵜ
95%
1,95 m Rabat / الرباط / ⵕⵕⴱⴰⵟ
94%
1,04 m Marrakech / مراكش / ⵎⵕⵕⴰⴽⵛ
93%
1,31 m Tanger / طنجة / ⵟⴰⵏⵊⴰ
91%
2,74 m Fès / فاس / ⴼⵉⵣⴰⵣ
88%
979 k Agadir / أڭادير / ⴰⴳⴰⴷⵉⵔ
82%
593 k Oujda / وجدة / ⵡⵓⵊⴷⴰ
78%
545 k Meknès / مكناس / ⴰⵎⴽⵏⴰⵙ
76%
444 k Tétouan / تطوان / ⵜⵉⵟⵟⴰⵡⴰⵏ
66%
161 k Nador / الناظور / ⵏⴰⴷⵓⵔ
63%
903 k Salé / سلا / ⵙⵍⴰ
59%
508 k Kénitra / القنيطرة / ⵇⵏⵉⵟIIiI
58%
106 k Dakhla / الداخلة / ⴷⴷⴰⵅⵍⴰ
57%
77,9 k Essaouira / الصويرة / ⵜⴰⵚⵚⵓⵔⵜ
54%
206 k Mohammédia / المحمدية / ⴼⴹⴰⵍⴰ
53%
217 k Laâyoune / لعيون / ⵍⵄⵢⵓⵏ
52%
336 k Safi / آسفي / ⴰⵙⴼⵉ
49%
109 k Berkane / بركان / ⴱⴻⵔⴽⴰⵏ
47%
56,7 k Al Hoceïma / الحسيمة / ⵍⵃⵓⵙⵉⵎⴰ
46%
170 k El Jadida / الجديدة / ⵊⵊⴷⵉⴷⴰ
44%
71,0 k Ouarzazate / ورزازات / ⵡⴰⵔⵣⴰⵣⴰⵜ
44%
176 k Béni Mellal / بني ملال / ⴰⵢⵜ ⵎⵍⵍⴰⵍ
43%
148 k Taza / تازة / ⵜⴰⵣⴰ
39%
574 k Khouribga / خريبڭة / ⵅⵯⵔⵉⴱⴳⴰ
32%
332 k Témara / تمارة / ⵜⵎⴰⵔⴰ
32%
125 k Larache / العرايش / ⴰⵄⵔⵉⵛ
30%
142 k Settat / سطات / ⵥⴻⵟⵟⴰⵜ
30%
74,6 k Tiznit / تزنيت / ⵜⵉⵣⵏⵉⵜ
28%
118 k Guelmim / ڭلميم / ⴰⴳⵯⵍⵎⵉⵎ
26%
117 k Khénifra / خنيفرة / ⵅⵏⵉⴼⵕⴰ
26%
73,2 k Tan-Tan / طانطان / ⵟⴰⵏⵟⴰⵏ
26%
92,3 k Errachidia / الرشيدية / ⵉⵎⴻⵜⵖⴰⵔⵏ
25%
131 k Khémisset / الخميسات / ⵍⵅⵎⵉⵙⴰⵜ
23%
64,3 k Martil / مرتيل / ⵎⴰⵔⵜⵉⵍ
23%
80,1 k Taroudant / تارودانت / ⵜⴰⵔⵓⴷⴰⵏⵜ
23%
56,2 k M'diq / المضيق / ⵎⴹⵢⴰⵇ
22%
77,4 k Fnideq / الفنيدق / ⴼⵏⵉⴷⵇ
21%
136 k Berrechid / برشيد / ⴱⴰⵔⵛⵉⴷ
19%
103 k Bouskoura / سكورة / ⴱⵓⵙⴽⵓⵔⴰ
18%
90,8 k Guercif / ڭرسيف / ⴳⴻⵔⵙⵉⴼ
17%
75,6 k Sidi Kacem / سيدي قاسم / ⵙⵉⴷⵉ ⵇⴰⵙⴰⵎ
17%
54,3 k Azrou / أزرو / ⴰⵥⵔⵓ
16%
92,9 k Sidi Slimane / سيدي سليمان / ⵙⵉⴷⵉ ⵙⵍⵉⵎⴻⵏ
16%
88,6 k Ben Guerir / بن ڭرير / ⴱⴻⵏ ⴳⵔⵉⵔ
15%
126 k Ksar El Kébir / القصر الكبير / ⵍⵇⵚⵔ ⵍⴽⴱⵉⵔ
15%
59,7 k Skhirat / الصخيرات / ⴰⵙⵖⵉⵔⵔⴰⵜ
15%
56,0 k Smara / السمارة / ⵙⵙⵎⴰⵔⴰ
15%
103 k Taourirt / تاوريرت / ⵜⴰⵡⵔⵉⵔⵜ
15%
57,1 k Benslimane / بن سليمان / ⴱⴻⵏ ⵙⵍⵉⵎⴻⵏ
14%
79,8 k Séfrou / صفرو / ⵚⴻⴼⵕⵓ
14%
130 k Inezgane / إنزڭان / ⵉⵏⴻⵣⴳⵯⴰⵏ
13%
55,3 k Midelt / میدلت / ⵎⵉⴷⴻⵍⵜ
12%
59,6 k Ouezzane / وزان / ⵡⴰⵣⵣⴰⵏ
12%
171 k Aït Melloul / أيت ملول / ⴰⵢⵜ ⵎⴻⵍⵍⵓⵍ
11%
86,7 k Tiflet / تيفلت / ⵜⵉⴼⴻⵍⵜ
11%
102 k Fkih Ben Salah / الفقيه بن صالح / ⵍⴼⵇⵉⵀ ⴱⵏ ⵚⴰⵍⵃ
10%
95,2 k Oued Zem / وادي زم / ⴰⵙⵉⴼ ⵏ ⵢⵉⵣⵎ
10%
67,6 k Youssoufia / اليوسفية / ⵢⵓⵙⵓⴼⵉⵢⴰ
10%
151 k Dar Bouazza / دار بو عزة / ⴱⵓⵄⴰⵣⴰ
9%
56,5 k Beni Ensar / بني أنصار / ⴱⵏⵉ ⵏⵚⴰⴰ
7%
95,2 k El Kelaa des Sraghna / قلعة السراغنة / ⵇⵍⵄⵜ ⵙⵔⴰⵖⵏⵙ
6%
89,3 k Oulad Teima / أولاد تايمة / ⵡⵍⴰⴷ ⵜⴻⵢⵎⴰ
6%
55,8 k Sidi Bennour / سيدي بنور / ⵙⵉⴷⵉ ⴱⵏⵏⵓⵕ
6%
62,4 k Aïn Harrouda / ﻋﻴﻦ ﺣﺮﻭﺩﺓ / ⵄⵢⵏ ⵃⴰⵔⵔⵓⴷⴰ
5%
100 k Dcheira El Jihadia / الدشيرة الجهادية / ⴷⵛⵉⵔⴰ ⵍⵊⵉⵀⴰⴷⵉⵢⴰ
5%
69,2 k Souk El Arbaa / سوق الاربعاء / ⵙⵓⵇ ⵍⴰⵔⴱⵄⴰ
5%
50,9 k Drargua / الدراركة / ⴷⵔⴰⵔⴳⵡⴰ
4%
83,2 k Lqliâa / القليعة / ⵍⵇⵍⵉⵄⴰ
4%
64,8 k Lahraouyine / الهراويين / ⵍⴰⵀⵔⴰⴻⵢⵏ
3%
60,0 k Oulad Nemma / أولاد النمة / ⵓⵍⴰⴷ ⵏⴻⵎⵎⴰ
3%
Aucun quiz correspondant
Distribution des résultats
% des personnes avec chaque résultat
Percentile par nombre de réponses
Votre historique - résultats
Vous n’avez pas pris ce quiz